| Tag |
First Indicator |
Second Indicator |
Subfields |
| LEADER |
00000cam a2200000 4500 |
| 001 |
in00000205421 |
| 005 |
20151009055721.0 |
| 008 |
750416s1962 nyu 00000 eng d |
| 010 |
|
|
|a 62018182
|
| 035 |
|
|
|a (OCoLC)01280993
|
| 035 |
|
|
|9 AAX1644AM
|
| 040 |
|
|
|c ORL
|d TXA
|d UtOrBLW
|
| 049 |
|
|
|a TXAM
|c [404595]
|
| 050 |
0 |
0 |
|a PE1460
|b .B462
|
| 082 |
0 |
|
|a 428.3
|
| 100 |
1 |
|
|a Bernstein, Theodore M.
|q (Theodore Menline),
|d 1904-1979.
|
| 245 |
1 |
0 |
|a More language that needs watching ;
|b second aid for writers and editors, emanating from the news room of the New York times.
|
| 264 |
|
1 |
|a Manhasset, N.Y. :
|b Channel Press,
|c [1962]
|
| 300 |
|
|
|a 108 pages ;
|c 21 cm.
|
| 336 |
|
|
|a text
|b txt
|2 rdacontent
|
| 337 |
|
|
|a unmediated
|b n
|2 rdamedia
|
| 338 |
|
|
|a volume
|b nc
|2 rdacarrier
|
| 650 |
|
0 |
|a English language
|x Errors of usage.
|
| 650 |
|
0 |
|a Journalism.
|
| 650 |
|
0 |
|a English language
|x Idioms.
|
| 999 |
|
|
|a MARS
|
| 999 |
f |
f |
|s dd51b6cf-23f5-37b3-907a-c216ecd7c79f
|i f9141539-5ba2-3c05-a083-7985fdc7fec3
|t 0
|
| 952 |
f |
f |
|p ric
|a Texas A&M University
|b Rellis Campus
|c Joint Library Facility
|d Remote Storage
|t 0
|e PE1460 .B462
|h Library of Congress classification
|i unmediated -- volume
|m A14803597930
|
| 998 |
f |
f |
|a PE1460 .B462
|t 0
|l Remote Storage
|